000 00613nam a2200229Ia 4500
003 OSt
005 20220924153317.0
006 a|||||r|||| 00| 0
007 ta
008 220923b |||||||| |||| 00| 0 guj d
024 _a347829
037 _cTextual
040 _aARTS
_cARTS
_bguj
041 _2guj
_aguj
082 _aQ2:4x1,1, 156L3
100 _aSadasara Bhogilad J.
_9228494
245 0 _aAnu smriti itihas anny sahitya visahak sefsangarh
260 _c1973
650 _aRELIGION
942 _hQ2:4x1,1, 156L3
_cTEXL
_2CC
999 _c473117
_d473117